Higher order Fourier analysis

Αποθηκεύτηκε σε:
Λεπτομέρειες βιβλιογραφικής εγγραφής
Κύριος συγγραφέας: Tao, Terence 1975-
Μορφή: Βιβλίο
Γλώσσα:English
Δημοσίευση: Providence, R.I. : American Mathematical Society, c2012
Σειρά:Graduate studies in mathematics ; ; 142
Θέματα:
Ετικέτες: Προσθήκη ετικέτας
Δεν υπάρχουν, Καταχωρήστε ετικέτα πρώτοι!

MARC

LEADER 00000nam a2200000 i 4500
001 1/57948
008 141013s2012 eng d
020 |a 978-0-8218-8986-2 
035 |l 10119440 
040 |a GR-MY-UA  |b gre  |e aacr 
041 0 |a eng 
082 0 |a 515.2433  |2 (23) 
100 1 |a Tao, Terence  |d 1975- 
245 1 0 |a Higher order Fourier analysis /  |c Terence Tao 
260 |a Providence, R.I. :   |b American Mathematical Society,   |c c2012 
300 |a x, 187 σ.;  |c 26 εκ. 
490 1 |a Graduate studies in mathematics  |v ; 142 
504 |a Βιβλιογραφία: σ.179-183. Ευρετήριο 
650 0 0 |a Fourier analysis. 
830 0 |a Graduate studies in mathematics ;  |v ; 142 
852 |a INST  |b SAMOS  |e 20141013  |h 515.2433 TAO  |p 005300037071  |q 005300037071  |t BK  |y 0 
901 |a BIBL3-2014-3 
909 |a Σ  |b 189203 
922 |a 3ΕΛΗ  |b 201405  |c ΤΜΗΜΑ ΜΑΘΗΜΑΤΙΚΩΝ  |d ΔΙΑΔΡΟΜΕΣ 
970 |a ΚΟΣΙΕΡΗΣ  |b ΧΡΗΣΤΟΣ  |z 2014/10/13